00563pab a2200169 454500008004000000100001600040245009200056260000900148300001400157362001200171650002500183700001900208773003400227909001000261999001700271952010500288180718b1987 xxu||||| |||| 00| 0 eng d aJha, Shikha aInflationary implications of resource mobilisation through administered price increases c1987 a1394-1409 a15 Aug. aPrice Policy - India aSudipto Mundle aEconomic and Political Weekly a16096 c16096d16096 00104070aIIPAbIIPAd2018-07-19hVolume no: 22, Issue no: 33pAR16153r2018-07-19w2018-07-19yAR